[Event "English Open 2025"]
[Site "Kenilworth ENG"]
[Date "2025.07.21"]
[Round "7.22"]
[White "Pick, Freddie"]
[Black "Elgar, Tim"]
[Result "0-1"]
[WhiteElo "1934"]
[BlackElo "2093"]
[WhiteFideId "343454097"]
[BlackFideId "343413285"]
[EventDate "2025.07.18"]

1. e4 c6 2. Nc3 d5 3. Nf3 Bg4 4. h3 Bxf3 5. Qxf3 e6 6. d4 Nf6 7. Bd3 dxe4 8.
Nxe4 Qxd4 9. c3 Qd5 10. O-O Nbd7 11. Bf4 Nc5 12. Nxf6+ gxf6 13. Qxd5 cxd5 14.
Bb5+ Nd7 15. Rad1 a6 16. Bxd7+ Kxd7 17. c4 Rc8 18. cxd5 e5 19. Be3 Rc2 20. f4
Re2 21. Ba7 Rg8 22. Rf2 Rxf2 23. Kxf2 exf4 24. Bd4 Rg6 25. Rd3 Bd6 26. b3 Be5
27. Bc5 Rg8 28. Rd2 Rc8 29. b4 Rg8 30. Rd3 Kc7 31. Bd4 Rg3 32. Rd2 Kd6 33. Bc5+
Kd7 34. Bd4 f3 35. gxf3 Rxh3 36. Ke3 Rh4 37. Bxe5 fxe5 38. Rg2 Rxb4 39. Rh2 Kd6
40. Rxh7 Rf4 41. Rh6+ f6 42. Rh7 b5 43. Rb7 Kxd5 44. Rb6 Ra4 45. Rxf6 Ra3+ 0-1

[Event "English Open 2025"]
[Site "Kenilworth ENG"]
[Date "2025.07.21"]
[Round "7.23"]
[White "Patel, Keatan"]
[Black "Manley, Jon P"]
[Result "1/2-1/2"]
[WhiteElo "1990"]
[BlackElo "2096"]
[WhiteFideId "477613"]
[BlackFideId "403296"]
[EventDate "2025.07.18"]

1. e4 e5 2. Nf3 Nc6 3. Bc4 Bc5 4. c3 Nf6 5. d4 exd4 6. b4 Be7 7. e5 Ne4 8. b5
Na5 9. Bd3 d5 10. exd6 Nxd6 11. Nxd4 c5 12. bxc6 Nxc6 13. Nxc6 bxc6 14. O-O O-O
15. Qc2 h6 16. Be3 Qa5 17. Nd2 Bf5 18. Nb3 Bxd3 19. Qxd3 Qb5 20. Qxb5 1/2-1/2

[Event "English Open 2025"]
[Site "Kenilworth ENG"]
[Date "2025.07.21"]
[Round "7.24"]
[White "Norris, Zack"]
[Black "Rughani, Mahin"]
[Result "1/2-1/2"]
[WhiteElo "2032"]
[BlackElo "1854"]
[WhiteFideId "343431216"]
[BlackFideId "343417060"]
[EventDate "2025.07.18"]

1. c4 c6 2. e4 d5 3. exd5 cxd5 4. cxd5 Nf6 5. Nc3 Nxd5 6. Nf3 Nc6 7. Bc4 Nb6 8.
Bb3 Bf5 9. d4 e6 10. O-O Be7 11. Bf4 O-O 12. Re1 Nb4 13. Bg3 Rc8 14. Qe2 Bd3 15.
Qd2 Nc4 16. Bxc4 Bxc4 17. Ne5 Ba6 18. a3 Nd5 19. Ne4 f5 20. Nc3 Rxc3 21. bxc3 f4
22. c4 fxg3 23. hxg3 Nb6 24. Qc3 Bf6 25. Rad1 Bxe5 26. dxe5 Qe7 27. Rd4 Qc5 28.
Ree4 h6 29. Qb4 Qc6 30. Rf4 Rc8 31. Qe7 Qe8 32. Qb4 Qc6 33. Rd6 Qe8 34. Rdd4 Qc6 1/2-1/2

[Event "English Open 2025"]
[Site "Kenilworth ENG"]
[Date "2025.07.21"]
[Round "7.25"]
[White "Burrows, Martin P"]
[Black "Gunarathne, Senith Thenula"]
[Result "0-1"]
[WhiteElo "2057"]
[BlackElo "1876"]
[WhiteFideId "409057"]
[BlackFideId "343104324"]
[EventDate "2025.07.18"]

1. e4 c5 2. Nf3 d6 3. d4 cxd4 4. Nxd4 Nf6 5. Nc3 a6 6. h3 e5 7. Nde2 h5 8. Bg5
Be6 9. Bxf6 Qxf6 10. Nd5 Qd8 11. Qd3 Nd7 12. O-O-O g6 13. Kb1 Nc5 14. Qf3 Bg7
15. Nec3 b5 16. Ne3 O-O 17. Rg1 Bh6 18. Ncd5 Kg7 19. Be2 Rc8 20. h4 Bxe3 21.
Nxe3 Qa5 22. Nd5 Bxd5 23. Rxd5 Qb4 24. c3 Qxe4+ 25. Qxe4 Nxe4 26. Bf3 Nxf2 27.
Rxd6 Rfd8 28. Rxd8 Rxd8 29. Rf1 Ng4 30. Bxg4 hxg4 31. Kc2 f5 32. b3 f4 33. c4
bxc4 34. bxc4 Kf6 35. Kc3 Kf5 36. Rb1 f3 37. g3 e4 38. Rb7 e3 39. Rf7+ Ke6 40.
Rf4 e2 0-1

[Event "English Open 2025"]
[Site "Kenilworth ENG"]
[Date "2025.07.21"]
[Round "7.26"]
[White "Zhao, George"]
[Black "Mesropyan, Hayk"]
[Result "0-1"]
[WhiteTitle "CM"]
[WhiteElo "2124"]
[BlackElo "1892"]
[WhiteFideId "494607"]
[BlackFideId "499455"]
[EventDate "2025.07.18"]

1. d4 d5 2. c4 e6 3. Nf3 Nf6 4. g3 Bb4+ 5. Bd2 Be7 6. Bg2 O-O 7. O-O Nbd7 8. Qc2
c6 9. b3 b6 10. Rd1 Ba6 11. a4 c5 12. Bf4 Rc8 13. cxd5 Nxd5 14. Qd2 Nxf4 15.
gxf4 Qc7 16. Nc3 cxd4 17. Ne4 Nf6 18. Nxd4 Nxe4 19. Bxe4 Rfd8 20. Rac1 Bc5 21.
e3 Qd6 22. Qa2 e5 23. Nf3 Qxd1+ 24. Rxd1 Rxd1+ 25. Kg2 Bf1+ 26. Kg3 exf4+ 27.
exf4 Bd3 28. Bd5 Bb1 29. Qb2 Bxf2+ 30. Qxf2 Rxd5 31. Qb2 Be4 32. Nd4 Rcd8 33.
Nb5 h6 34. Qe2 Rd3+ 35. Kg4 Bf3+ 36. Qxf3 Rxf3 37. Kxf3 a6 38. Nc7 Rd3+ 39. Ke4
Rxb3 40. Nxa6 Ra3 41. Nc7 Rxa4+ 42. Ke3 Ra2 43. h4 Kf8 44. h5 Ra5 45. Ke4 Ke7
46. f5 Kd7 47. Nd5 Rxd5 0-1

[Event "English Open 2025"]
[Site "Kenilworth ENG"]
[Date "2025.07.21"]
[Round "7.27"]
[White "Sefton, Adam"]
[Black "Okhai, Shabir"]
[Result "1-0"]
[WhiteElo "2047"]
[BlackElo "2089"]
[WhiteFideId "343400965"]
[BlackFideId "445134"]
[EventDate "2025.07.18"]

1. d4 Nf6 2. Nf3 e6 3. c4 d5 4. Nc3 Be7 5. Bg5 h6 6. Bh4 O-O 7. cxd5 exd5 8. e3
Nbd7 9. Bd3 c6 10. Qc2 Ne8 11. Bxe7 Qxe7 12. O-O Nd6 13. b4 Nb6 14. Ne5 Ndc4 15.
Bxc4 Nxc4 16. Nxc4 dxc4 17. Rab1 b5 18. a4 Bd7 19. a5 f5 20. Qd2 Rad8 21. f3 Be8
22. Rfe1 Bg6 23. Rb2 a6 24. Nb1 Rfe8 25. Qc3 Qf6 26. Rd2 Rd7 27. Na3 Rde7 28.
Nc2 Bf7 29. Rf2 Qd6 30. Ref1 Bd5 31. e4 fxe4 32. Ne3 Rd7 33. f4 Qg6 34. f5 Qd6
35. f6 Be6 36. fxg7 Rxg7 37. Rf6 Qe7 38. Qe1 Kh7 39. Qh4 Rg6 40. Qxe4 Rg8 41. h4
h5 42. Qe5 Qg7 43. Qxh5+ Qh6 44. Qxh6+ Kxh6 45. Kh2 Kh5 46. Rxg6 Kxg6 47. g4 Rd8
48. g5 Bd5 49. Rf6+ Kh7 50. h5 Re8 51. Nf5 Be4 52. g6+ Kg8 53. Nd6 Re7 54. h6
Bxg6 55. Rxg6+ Kh7 56. Rg2 c3 57. Rc2 Re3 58. Kg2 Rd3 59. Nf5 Kg6 60. Nh4+ Kxh6
61. Nf3 Kg7 62. Kf2 Rd1 63. Rxc3 Rb1 64. Rxc6 Rxb4 65. Rxa6 Ra4 66. Ke2 b4 67.
Nd2 Ra3 68. Rb6 1-0

[Event "English Open 2025"]
[Site "Kenilworth ENG"]
[Date "2025.07.21"]
[Round "7.28"]
[White "Clarke, James"]
[Black "Bevis, Noah"]
[Result "1/2-1/2"]
[WhiteElo "1941"]
[BlackElo "1934"]
[WhiteFideId "463140"]
[BlackFideId "343434630"]
[EventDate "2025.07.18"]

1. e4 c5 2. Nf3 Nc6 3. d4 cxd4 4. Nxd4 e5 5. Nb5 d6 6. N1c3 a6 7. Na3 Be6 8. Nd5
Bxd5 9. exd5 Nce7 10. c4 g6 11. Qa4+ Qd7 12. Qxd7+ Kxd7 13. Bd2 Bh6 14. O-O-O
Rc8 15. Kb1 Bxd2 16. Rxd2 f5 17. g3 Nf6 18. Bg2 a5 19. b3 Rc5 20. Kb2 Nc8 21.
Nb5 Nb6 22. f4 e4 23. Nd4 a4 24. Rc1 axb3 25. axb3 Ra8 26. Ra1 Rxa1 27. Kxa1
Ra5+ 28. Kb2 Na8 29. Bh3 Nc7 30. Rd1 h5 31. Bf1 Ra8 32. h4 Ng4 33. Be2 Nf6 34.
b4 Rd8 35. Ra1 Kc8 36. Kc3 Kb8 37. Nc2 b5 38. Ne3 bxc4 39. Bxc4 Kb7 40. Kd4 Kb6
41. Ra5 Ra8 42. Be2 Rd8 43. Nc4+ Kb7 44. Ne3 Kb6 1/2-1/2

[Event "English Open 2025"]
[Site "Kenilworth ENG"]
[Date "2025.07.21"]
[Round "7.29"]
[White "Sasikumar, Srivathsan"]
[Black "Vaddhireddy, Sai"]
[Result "1-0"]
[WhiteElo "2038"]
[BlackElo "1946"]
[WhiteFideId "343401279"]
[BlackFideId "499560"]
[EventDate "2025.07.18"]

1. e4 e5 2. Nc3 Nf6 3. f4 d5 4. fxe5 Nxe4 5. Qf3 Be6 6. Nxe4 dxe4 7. Qxe4 Bd5 8.
Qf4 Nc6 9. Nf3 Be7 10. Bb5 O-O 11. Bxc6 Bxc6 12. d3 f6 13. Qg4 Bxf3 14. Qxf3
fxe5 15. Qe4 Bc5 16. Qc4+ Kh8 17. Qxc5 e4 18. Be3 exd3 19. O-O-O 1-0

[Event "English Open 2025"]
[Site "Kenilworth ENG"]
[Date "2025.07.21"]
[Round "7.30"]
[White "Dishman, Stephen"]
[Black "Lapidus, Alexey M."]
[Result "1-0"]
[WhiteTitle "FM"]
[WhiteElo "2274"]
[BlackElo "1867"]
[WhiteFideId "403024"]
[BlackFideId "24276111"]
[EventDate "2025.07.18"]

1. Nf3 d5 2. c4 c6 3. g3 Nf6 4. Bg2 Bf5 5. Qb3 Qb6 6. d3 e6 7. Be3 Qxb3 8. axb3
Na6 9. Nc3 h6 10. O-O Be7 11. Nd4 Nb4 12. Nxf5 exf5 13. Rxa7 Rxa7 14. Bxa7 O-O
15. Bd4 Re8 16. Rc1 Bd8 17. Kf1 b6 18. cxd5 Nfxd5 19. Nxd5 cxd5 20. Rc8 Kf8 21.
Bc3 Be7 22. Bxg7+ 1-0

[Event "English Open 2025"]
[Site "Kenilworth ENG"]
[Date "2025.07.21"]
[Round "7.31"]
[White "Verbytski, Oleg"]
[Black "Watson, Jacob"]
[Result "1-0"]
[WhiteElo "1998"]
[BlackElo "1918"]
[WhiteFideId "495506"]
[BlackFideId "445037"]
[EventDate "2025.07.18"]

1. e4 Nc6 2. d4 d6 3. Nf3 Nf6 4. Nc3 Bg4 5. Be3 e6 6. Bb5 a6 7. Ba4 Nd7 8. h3
Bh5 9. d5 exd5 10. Qxd5 Bxf3 11. gxf3 Nce5 12. Qxb7 Rb8 13. Bxd7+ Nxd7 14. Qc6
Be7 15. Bd4 O-O 16. O-O-O Bf6 17. Bxf6 Nxf6 18. Rhg1 Qe7 19. Qxa6 Qe5 20. Qd3
Rb6 21. Qd4 Qxd4 22. Rxd4 Rfb8 23. b3 Ra6 24. a4 Nd7 25. Rgd1 Kf8 26. Nb5 Nc5
27. Rc4 Rb7 28. e5 Ke7 29. exd6+ cxd6 30. Nxd6 Rxd6 31. Rxc5 Rh6 32. Rg1 Rxh3
33. Rxg7 Kf6 34. Rg3 Rh1+ 35. Kb2 h5 36. Rgg5 h4 37. Rh5 Rb4 38. Rcf5+ Kg6 39.
Rfg5+ Kf6 40. Rg4 1-0

[Event "English Open 2025"]
[Site "Kenilworth ENG"]
[Date "2025.07.21"]
[Round "7.32"]
[White "Shivakumar, Akshath"]
[Black "Schell, Finn"]
[Result "1-0"]
[WhiteElo "1822"]
[BlackElo "1995"]
[WhiteFideId "499765"]
[BlackFideId "343406378"]
[EventDate "2025.07.18"]

1. d4 d5 2. c4 e6 3. Nc3 Nf6 4. cxd5 exd5 5. Bg5 c6 6. e3 h6 7. Bh4 Be7 8. Bd3
O-O 9. Nge2 Re8 10. O-O Nbd7 11. Qc2 a5 12. a4 Nh5 13. Bxe7 Qxe7 14. Rae1 Ndf6
15. Nc1 c5 16. dxc5 Be6 17. Nb5 Rec8 18. Nb3 Nd7 19. Rc1 Nxc5 20. Nxc5 b6 21.
Qe2 bxc5 22. Qxh5 Qf6 23. b3 Rab8 24. Qf3 Qg5 25. Qf4 Qh5 26. Rxc5 Rxc5 27.
Qxb8+ Rc8 28. Qf4 g5 29. Qf6 g4 30. Nd4 1-0

[Event "English Open 2025"]
[Site "Kenilworth ENG"]
[Date "2025.07.21"]
[Round "7.33"]
[White "Welling, Zac"]
[Black "Rastogi, Nayan Keats"]
[Result "1/2-1/2"]
[WhiteElo "1966"]
[BlackElo "1891"]
[WhiteFideId "343414729"]
[BlackFideId "343407579"]
[EventDate "2025.07.18"]

1. e4 c5 2. Nc3 d6 3. f4 g6 4. Nf3 Bg7 5. Bb5+ Bd7 6. Bc4 Nc6 7. d3 e6 8. f5 Nf6
9. O-O O-O 10. Qe1 d5 11. Bb5 dxe4 12. dxe4 exf5 13. exf5 Bxf5 14. Bxc6 bxc6 15.
Kh1 Nd5 16. Bd2 Nb4 17. Qg3 Nxc2 18. Rac1 Nd4 19. Bg5 Qb8 20. Qh4 Bd3 21. Rf2
Nf5 22. Qh3 1/2-1/2

[Event "English Open 2025"]
[Site "Kenilworth ENG"]
[Date "2025.07.21"]
[Round "7.34"]
[White "Collins, Jonathan"]
[Black "Myall, Ivan J"]
[Result "1/2-1/2"]
[WhiteElo "1869"]
[BlackElo "1948"]
[WhiteFideId "438456"]
[BlackFideId "425168"]
[EventDate "2025.07.18"]

1. e4 e5 2. Nf3 Nc6 3. Bc4 Bc5 4. c3 Nf6 5. O-O d6 6. d4 Bb6 7. dxe5 dxe5 8.
Qxd8+ Nxd8 9. Bg5 O-O 10. Nbd2 Re8 11. Rfe1 Ne6 12. Bxf6 gxf6 13. Nf1 Nf4 14.
Ne3 Be6 15. Bf1 Rad8 16. b3 c6 17. Nc4 Bc7 18. Rad1 Bg4 19. Rxd8 Rxd8 20. Nh4 b5
21. Ne3 Be6 22. Rd1 Rxd1 23. Nxd1 Ng6 24. Nf5 Kf8 25. Nde3 Ne7 26. Nh4 a6 27.
Be2 Nc8 28. Ng4 Bd8 29. Bf3 a5 30. Ne3 Nb6 31. Be2 Be7 32. Kf1 Bc5 33. Nhf5 Ba3
34. Ke1 Bc5 35. f3 a4 36. c4 axb3 37. axb3 b4 38. Kd2 Nd7 39. Kc2 Bb6 40. Nd1
Bxf5 41. exf5 Bg1 42. h3 Bd4 43. Bd3 Ke7 44. Be4 Kd6 45. Kd3 Kc5 46. Kc2 h6 47.
Kd3 Nb6 48. Kc2 Nc8 49. Kd3 Nd6 50. Kc2 Ne8 51. Kd3 Ng7 52. g4 Ne8 53. Kc2 Nc7
54. Kd3 Na6 55. Kc2 Nb8 56. Kd3 Nd7 57. Kc2 Nf8 58. Kd3 Nh7 59. h4 Nf8 60. Kc2
Nd7 61. Kd3 Kd6 62. Ke2 Nc5 63. Bc2 Ke7 64. Kd2 Kd7 65. Ke2 Kd6 66. Kd2 e4 67.
f4 Bg1 68. Ne3 Bf2 69. Ng2 Bg1 70. Ke2 Bd4 71. Ne3 Bc3 72. Nf1 Bb2 73. Nd2 Bc1
74. Nxe4+ Nxe4 75. Bxe4 Bxf4 76. Kd3 Bg3 77. h5 c5 78. Ke3 Ke5 79. Bd5 Bf4+ 80.
Kd3 Bc1 81. Bxf7 Kf4 82. Bg6 Kxg4 83. Ke4 Bb2 84. Kd5 Bd4 85. Ke6 Kg5 86. Kd5
Bg1 1/2-1/2

[Event "English Open 2025"]
[Site "Kenilworth ENG"]
[Date "2025.07.21"]
[Round "7.35"]
[White "Gibson, Christopher A"]
[Black "De Coverly, Roger D"]
[Result "1/2-1/2"]
[WhiteElo "1837"]
[BlackElo "1956"]
[WhiteFideId "414697"]
[BlackFideId "405213"]
[EventDate "2025.07.18"]

1. e4 e5 2. Nf3 Nc6 3. d4 exd4 4. Bc4 Nf6 5. e5 d5 6. Bb5 Ne4 7. Nxd4 Bd7 8.
Bxc6 bxc6 9. O-O Bc5 10. f3 Ng5 11. f4 Ne4 12. Be3 O-O 13. Nd2 Nxd2 14. Qxd2 Bb6
15. Nb3 f6 16. Bc5 Qe7 17. Qd4 Bxc5 18. Nxc5 fxe5 19. fxe5 Bf5 20. c3 a5 21. a3
Rae8 22. Rae1 Be6 23. b4 Rxf1+ 24. Rxf1 axb4 25. cxb4 Qg5 26. h4 Qg3 27. Rf3
Qe1+ 28. Rf1 Qg3 29. Rf3 Qe1+ 30. Kh2 h5 31. Qf4 Bg4 32. Qf7+ Kh7 33. Qxe8 Bxf3
34. gxf3 Qf2+ 35. Kh3 1/2-1/2

[Event "English Open 2025"]
[Site "Kenilworth ENG"]
[Date "2025.07.21"]
[Round "7.36"]
[White "Hertog, Alexander"]
[Black "Vaidyanathan, Sathya"]
[Result "0-1"]
[WhiteElo "1950"]
[BlackElo "1878"]
[WhiteFideId "488453"]
[BlackFideId "490539"]
[EventDate "2025.07.18"]

1. d4 d5 2. c4 e6 3. Nf3 Nf6 4. g3 c6 5. Bg2 Be7 6. O-O Nbd7 7. Nbd2 O-O 8. Qc2
b6 9. Rd1 Bb7 10. e4 Qc7 11. e5 Ne8 12. cxd5 exd5 13. Nf1 c5 14. Ng5 Bxg5 15.
Bxg5 cxd4 16. Qxc7 Nxc7 17. Rac1 Ne6 18. Be7 Rfc8 19. f4 g6 20. h3 Ndc5 21. Nh2
Ne4 22. Bxe4 dxe4 23. Ng4 e3 24. f5 e2 25. Rxc8+ Rxc8 26. Re1 d3 27. Nf2 Nd4 28.
Nxd3 Nf3+ 29. Kf2 Nxe1 30. Kxe1 Ba6 31. Kxe2 Bxd3+ 32. Kxd3 gxf5 33. a3 Rc1 34.
Ke3 Kg7 35. g4 fxg4 36. hxg4 Rc2 37. b4 Rc3+ 38. Kd4 Rxa3 39. g5 Kg6 40. Kc4 Re3
41. Bf6 Re4+ 42. Kb5 a6+ 43. Kxb6 Rxb4+ 44. Kxa6 Rg4 45. Kb6 Rxg5 46. Kc5 Rf5
47. Bh8 h5 48. Kd4 h4 0-1

[Event "English Open 2025"]
[Site "Kenilworth ENG"]
[Date "2025.07.21"]
[Round "7.37"]
[White "Alldritt, Nigel R E"]
[Black "Bolt, Graham"]
[Result "1/2-1/2"]
[WhiteElo "1918"]
[BlackElo "1942"]
[WhiteFideId "404543"]
[BlackFideId "410438"]
[EventDate "2025.07.18"]

1. d4 g6 2. g3 Bg7 3. Bg2 Nf6 4. c4 O-O 5. Nc3 c6 6. e4 d6 7. Nf3 Nbd7 8. O-O
Rb8 9. Qe2 e5 10. d5 c5 11. Nb5 Qb6 12. a4 a5 13. Ne1 Ne8 14. f4 Nc7 15. Nd3
Nxb5 16. axb5 Qd8 17. Bd2 b6 18. Bc3 Qe7 19. Rae1 h6 20. Bh3 exf4 21. Bxg7 Kxg7
22. gxf4 Nf6 23. Bxc8 Rbxc8 24. e5 Nh5 25. Qg4 f5 26. Qf3 Rce8 27. Rf2 Kh7 28.
Rfe2 Ng7 29. exd6 Qxd6 30. Rxe8 Rxe8 31. Rxe8 Nxe8 32. Qe3 Nf6 33. Qe5 Ne4 34.
Qe8 Qf6 35. Qd7+ Kg8 36. Ne5 g5 37. Qc8+ Kg7 38. Qb7+ Kg8 39. Qc8+ Kg7 40. Qd7+
Kg8 41. Qc8+ 1/2-1/2

[Event "English Open 2025"]
[Site "Kenilworth ENG"]
[Date "2025.07.21"]
[Round "7.38"]
[White "Ellson, Louie"]
[Black "Kendall, Arthur"]
[Result "1-0"]
[WhiteElo "1854"]
[BlackElo "1883"]
[WhiteFideId "343442056"]
[BlackFideId "343410960"]
[EventDate "2025.07.18"]

1. d4 Nf6 2. c4 g6 3. Nc3 Bg7 4. e4 d6 5. h3 O-O 6. Be3 e5 7. d5 Na6 8. g4 Nc5
9. f3 a5 10. Qd2 a4 11. Nge2 Bd7 12. Ng3 h5 13. Bg5 h4 14. Bxh4 Nfxe4 15. Bxd8
Nxd2 16. Bxc7 Nxf1 17. Kxf1 Ra6 18. Nb5 Rc8 19. Ne4 Nxe4 20. fxe4 Bf8 21. g5
Raa8 22. Rc1 Bxb5 23. cxb5 Ra5 24. b6 Rb5 25. Re1 Rxb2 26. Re2 Rb4 27. Kf2 Be7
28. h4 Kg7 29. Kg3 Rc4 30. Rb1 Ra8 31. Rbb2 Ra5 32. Rbc2 Rac5 33. Rxc4 Rxc4 34.
Re3 Kf8 35. Kf3 Ke8 36. Kg4 Kd7 37. Kf3 Bd8 38. Bxd8 Kxd8 39. Kg4 Rb4 40. h5
gxh5+ 41. Kxh5 Rxb6 42. Rf3 Ke8 43. Kh6 Rb2 44. Kg7 Rg2 45. Rxf7 Rxg5+ 46. Kf6
Rg2 47. Rxb7 Rxa2 48. Ke6 Kf8 49. Rb8+ Kg7 50. Kxd6 Kf6 51. Rf8+ Kg7 52. Rf3 Rb2
53. Kxe5 Rb3 54. Rf6 a3 55. Ra6 Rh3 56. Ra7+ Kf8 57. Kd4 Ke8 58. e5 Rh4+ 59. Kc5
Rh3 60. Kd6 Rb3 61. Ra8+ Kf7 62. Ra7+ Rb7 63. Rxb7+ Ke8 64. Rb8+ Kf7 65. e6+ Kg7
66. Ra8 Kf6 67. Rxa3 Kg7 68. e7 Kg6 69. e8=Q+ Kg5 70. Qe5+ Kg4 71. Rg3+ Kh4 72.
Qg5# 1-0